000 00569nam a2200181Ia 4500
001 16647
005 20260306170325.0
008 260306t2017||||xx |||||||||||||| ||und||
041 _aESP
082 _a348.812
_bR91
100 _aRubio Zeballos, Isaac
_eAUT
245 0 _aDel régimen laboral de construcción civil, en los gobiernos locales y otras entidades públicas:
_bdoctrina, jurisprudencia, análisis de su problemática y propuestas
260 _c2017
300 _a318 páginas :
_c24 cm.
650 _aGEN
654 _aCDE
942 _cLIB
_dJUS
_fJUS
_2ddc
_n
999 _c16647
_d16647